000 00308 a2200145 4500
001 165919
020 _a
040 _cMagnum
100 _aCardoso, Leonardo Mendes
240 1 0 _aOs olhos da montanha
_lpor
245 1 0 _aOs olhos da montanha
362 0 _a1899
697 _aI/PARADIDATICO
942 _cBK
999 _c165919
_d165919